| 000 | 00398nam a22001455a 4500 | ||
|---|---|---|---|
| 082 |
_a624.1821 _bPLA _cL-21 P-1 |
||
| 100 | 1 |
_aBarker. _943071 |
|
| 245 | 1 | 0 | _aPlastic Design in steel to B.S. 968 |
| 260 |
_aLondon : _bB.C.S.A : _c1963- |
||
| 300 |
_a23p.; _c28 cm. |
||
| 500 | _aEnglish, Sinhalese, and Tamil. | ||
| 526 |
_a0 _b0 _c0 _d624_182100000000000_PLA |
||
| 650 |
_aMCE _9379 |
||
| 942 |
_2ddc _cBK |
||
| 999 |
_c546872 _d546872 |
||